000 00534nam a2200229Ia 4500
003 IT-RoPAU
008 120407s9999 xx 000 0 und d
040 _aIT-RoPAU
040 _cIT-RoPAU
041 _aita
100 _aHilarius Pictaviensis
245 _aTrattato sui misteri. Per una lettura cristiana dell’Antico Testamento
250 _aRoma
260 _aBorla
260 _c1984
300 _a108 p.
300 _c18,5 cm
490 _aCultura cristiana antica
490 _v1
942 _cBK
999 _c24261
_d24261